000 00581nam a22001937a 4500
005 20251108165452.0
008 250721s1993 xx 000 0 ara d
082 1 4 _aم/028.7/بدر
100 1 _aزهران، البدراوي
245 1 0 _aمصادر عربية و قراءات في مراجع تراثية /
250 _aط2
264 1 _aالقاهره :
_bدار المعارف،
_c1993.
300 _a385ص
650 1 7 _aالمواد المرجعية
650 1 7 _aنقد الكتب
650 1 7 _aاستخدام المراجع
942 _2ddc
_cREF
999 _c28679
_d28679